000
00262nam a2200097Ia 4500
001
1250970
005
20251031150906.0
008
251031s9999 xx 000 0 und d
245
0
_c
METİN ÖZDAMARLAR
_a
İ-4 GÜZEL ÜLKEM TÜRKİYE 3
260
_b
TİMAŞ YAYINLARI
999
_c
1250970
_d
1250970